000 01167cam a2200301 i 4500
001 832689
003 EG-ScBUE
005 20250723095628.0
008 770621s1984 nyua f 001 0 eng
020 _a0878915095
040 _aEG-ScBUE
_beng
_erda
_cEG-ScBUE
_dEG-ScBUE
082 0 4 _a540.76
_bRES
_222
110 2 _aResearch and Education Association.
_eauthor.
245 1 4 _aThe chemistry problem solver /
_cstaff of Research and Education Association ; Dr. M. Fogiel, chief editor.
250 _aRevised printing edition.
264 1 _aNew York :
_bResearch and Education Association,
_c1984.
300 _axiv, 945 pages :
_billustrations ;
_c26 cm
336 _2rdacontent
_atext
_btxt
337 _aunmediated
_2rdamedia
_bn
338 _avolume
_bnc
_2rdacarrier
500 _aIncludes index.
650 7 _aChemistry
_xProblems, exercises, etc.
_96011
_2BUEsh
655 _vReading book
700 1 _aFogiel, M.
_q(Max),
_96012
_eeditor.
856 4 2 _3Publisher description
_uhttp://www.loc.gov/catdir/enhancements/fy0609/77070335-d.html
856 4 1 _3Table of contents only
_uhttp://www.loc.gov/catdir/enhancements/fy0910/77070335-t.html
942 _2ddc
_cBB
999 _c11791
_d11791